Czy rozpoznasz najbardziej znanych polskich poetów i pisarzy? 🖋️ - Statystyki

Ogólne statystyki
  • Ten quiz został rozwiązany 87 razy
  • Średni wynik to 8 z 12
Statystyki odpowiedzi
Obrazkowy Odpowiedź % Poprawnych
Adam Mickiewicz
99%
Juliusz Słowacki
94%
Henryk Sienkiewicz
77%
Jan Kochanowski
77%
Bolesław Prus
76%
Czesław Miłosz
69%
Wisława Szymborska
69%
Władysław Reymont
55%
Stanisław Lem
52%
Stanisław Wyspiański
46%
Cyprian Kamil Norwid
45%
Zbigniew Herbert
27%
Nie znaleziono quizów pasujących do podanych kryteriów
Rozkład punktacji
Procent ludzi z każdym wynikiem
Percentyl według liczby udzielonych odpowiedzi
Twoja historia wyników
Nie rozwiązałeś tego quizu